000 00477nam a2200169Ia 4500
008 220216s9999 xx 000 0 und d
100 _aGeorge E S
245 0 _aSubstitution of potassium with sodium as nutrient for the growth of rubber seedlings
260 _bNatural Rubber Research
_c2006
300 _a58-61
650 _aPotassium
650 _aRubber seedlings
650 _aSodium uptake
700 _aKarthikakuttyamma M
700 _aPunnoose K I
942 _cJS
999 _c69903
_d69903